Normal view
MARC view
- GAWAS NARAYAN DASHRATH
Entry Personal Name
001 - CONTROL NUMBER
- control field: 4005
003 - CONTROL NUMBER IDENTIFIER
- control field: OSt
005 - DATE AND TIME OF LATEST TRANSACTION
- control field: 20181122134929.0
008 - FIXED-LENGTH DATA ELEMENTS
- fixed length control field: 181122|| aca||aabn | a|a d
040 ## - CATALOGING SOURCE
- Original cataloging agency: OSt
- Transcribing agency: OSt
100 ## - HEADING--PERSONAL NAME
- Personal name: GAWAS NARAYAN DASHRATH
670 ## - SOURCE DATA FOUND
- Source citation: Work cat.: (OSt)14937: GAWAS NARAYAN DASHRATH MAYARANI N VIJAYA GANDHEEVAN V, Computer aided design of a stand alone aero generator
